000
00260nam a2200097Ia 4500
082
_a
641.56311 LYNA
245
0
_a
Cooking for a healthy heart
100
_a
LYNAS, Jacqui London, 2003
_9
75467
942
_c
BK
008
210817s9999 xx 000 0 und d
999
_c
249739
_d
249738